History Quiz

Random History Quiz

Notable graves in Arlington Cemetary Quiz Stats

 Plays Quiz not verified by Sporcle

Challenge
Share
Tweet
Embed
Score 0/11 Timer 10:00
0 Plays Today
Year of Death Name % Correct
1963John F Kennedy
98%
1968Robert Kennedy
98%
1926Robert Todd Lincoln
90.5%
1995Jonas Salk
60.5%
1930William Howard Taft
59.3%
1893Abner Doubleday
58.1%
1981Joe Louis
45.8%
1948John J Pershing
32.8%
1971Audie Murphy
27.3%
1902Walter Reed
13%
1908Thomas Selfridge
2.4%

You're not logged in!

Compare scores with friends on all Sporcle quizzes.
Join for Free
OR
Log In

You Might Also Like...

Show Comments

Extras

Top Quizzes Today


Score Distribution

Your Account Isn't Verified!

In order to create a playlist on Sporcle, you need to verify the email address you used during registration. Go to your Sporcle Settings to finish the process.

Report this User

Report this user for behavior that violates our Community Guidelines.

Details: